Weird universe (Record no. 19013)

MARC details
000 -LEADER
fixed length control field 00630nam a2200205Ia 4500
003 - CONTROL NUMBER IDENTIFIER
control field IN-BaIIA
008 - FIXED-LENGTH DATA ELEMENTS--GENERAL INFORMATION
fixed length control field 211028s9999 xx 000 0 eng d
020 ## - INTERNATIONAL STANDARD BOOK NUMBER
International Standard Book Number 978-3-319-10737-0
040 ## - CATALOGING SOURCE
Transcribing agency IIA Library
080 ## - UNIVERSAL DECIMAL CLASSIFICATION NUMBER
Universal Decimal Classification number 524.8
Item number SEA
100 ## - MAIN ENTRY--PERSONAL NAME
Personal name Seargent, David A J
9 (RLIN) 36297
245 #0 - TITLE STATEMENT
Title Weird universe
Remainder of title exploring the most bizarre ideas in cosmology
Statement of responsibility, etc. David A. JSeargent
260 ## - PUBLICATION, DISTRIBUTION, ETC.
Place of publication, distribution, etc. Cham
Name of publisher, distributor, etc. Springer
Date of publication, distribution, etc. 2015
300 ## - PHYSICAL DESCRIPTION
Extent xv, 272p.
490 ## - SERIES STATEMENT
Series statement Astronomers' universe
650 ## - SUBJECT ADDED ENTRY--TOPICAL TERM
Topical term or geographic name entry element Astronomy - popular works
9 (RLIN) 30532
650 ## - SUBJECT ADDED ENTRY--TOPICAL TERM
Topical term or geographic name entry element Cosmology - popular works
9 (RLIN) 24886
650 ## - SUBJECT ADDED ENTRY--TOPICAL TERM
Topical term or geographic name entry element Popular science in astronomy
9 (RLIN) 35908
942 ## - ADDED ENTRY ELEMENTS (KOHA)
Koha item type Books
Holdings
Withdrawn status Lost status Damaged status Not for loan Home library Current library Shelving location Date acquired Source of acquisition Cost, normal purchase price Total Checkouts Full call number Barcode Date last seen Cost, replacement price Price effective from Koha item type Purchase Price
        IIA Library-Bangalore IIA Library-Bangalore General Stacks 07/04/2015 ANJ 2705.00   524.8/ SEA 19935 05/11/2021 2705.00 07/04/2015 Books Rs. 2705.00

Powered by Koha